[Event "Ile et Vilaine-ch"]
[Site "Ile et Vilaine"]
[Date "2002.10.19"]
[Round "1"]
[White "Peton, Pierre Yves"]
[Black "Ozdemir, Ismet"]
[Result "0-1"]
[WhiteElo "1350"]
[BlackElo "1499"]
[PlyCount "38"]
[EventDate "2002.10.19"]
[EventType "swiss"]
[EventRounds "7"]
[EventCountry "FRA"]
[SourceTitle "EXT 2008"]
[Source "ChessBase"]
[SourceDate "2007.11.25"]
[SourceVersion "1"]
[SourceVersionDate "2007.11.25"]
[SourceQuality "1"]

1. e4 e5 2. Nf3 Nc6 3. Bb5 Nge7 4. d4 exd4 5. Nxd4 Nxd4 6. Qxd4 c6 7. Be2 Ng6 8. 0-0 Qc7 9. Rd1 b5 10. Bh5 Bb7 11. Bg4 0-0-0 12. Bg5 f6 13. Be3 c5 14. Qd3 Ne5 15. Bf4 Nxd3 16. Bxc7 Nxb2 17. Bxd8 Nxd1 18. Bxf6 Nxf2 19. Bxg7 Bxg7 0-1